000
00220nam a2200097Ia 4500
008
230508s1991 xx 000 0 und d
041
_a
eng
100
_a
COULSON RICHARD
245
_a
CHEMICAL ENGG. VOL 5
260
_c
1991
999
_c
316198
_d
316198